000 00647nam a22002057a 4500
003 0
005 20241026102505.0
008 241026b xxu||||| |||| 00| 0 eng d
020 _a9781984688781
050 _aQA 76.76
_b.B78 2024
100 _aBruno, Eriko,
_eauthor.
245 _aTheory, practice and techniques in HTML and CSS /
_cEriko Bruno.
250 _a2nd ed.
260 _aNew York, NY :
_b3G E-Learning LLC,
_c2024.
300 _axi, 326 p. :
_bcol. ill. ;
_c26 cm.
504 _aIncludes bibliographical references and index.
650 _aHTML (Document markup language).
650 _aCascading styles sheets.
942 _2lcc
_cBK
999 _c366625
_d366625